• 首页
  • 本馆介绍
  • 公告通知
  • 最新文献
  • 馆藏检索
  • 电子资源
  • 读者荐购
  • 参考咨询
  • CALIS
  • 我的图书馆
  • 登录
  • 详细信息显示
  • 放入我的书架
  • 预约/预借图书
  • 作者相关作品
  • 分类相关作品
  • 丛书相关作品
  • 出版社相关作品

书目信息

  • 表格格式
  • 工作单格式
  • 卡片格式
书名: The Economy of Nature
作者: Rcklefs,Robert E.
分册号:
分册名:
出版地: New York :
 
出版社: W.H.Freeman and Com
出版时间: 1990.
页数: 677 p. ;
开本: 26cm.
丛书名:
中图分类号:
科图分类号:
其他分类号: Q14-43
主题词:
电子资源:
 
 
 
 
 
000 00457nam 2200157 a 4500
001 E0433732883
005 2004122409221243
008 041224s1990 00010 eng
020    @a0-7167-2815-X :@cCNY 12.00.
040    @aPFT@beng
090    @aQ14-43
099    @dQ14-43@eR539
245    @aThe Economy of Nature :@bA Textbook in Basic Ecology / @cRcklefs,Robert E.
250    @a4th ed.
260    @aNew York :@bW.H.Freeman and Com.,@c1990.
300    @a677 p. ;@c26cm.
    
    The Economy of Nature : : A Textbook in Basic Ecology / / Rcklefs,Robert E.-4th ed.-New York : : W.H.Freeman and Com., , 1990.
    677 p. ; ; 26cm.
    
    
    ISBN 0-7167-2815-X :CNY 12.00.
    
●
相关链接 在E读中查询图书 在当当中查询图书 在豆瓣中查询图书


正题名:The Economy of Nature     索取号:Q14-43/R539         预约/预借

序号 登录号 条形码 馆藏地/架位号 状态 备注
1 05102   300051020   自科库401/401自科库 25排4列5层/ [索取号:Q14-43/R539] 在馆    
河南城建学院图书馆 欢迎您!
大连网信软件有限公司© 版权所有